00390nam a2200121Ia 4500082003100000100001800031245007000049260003300119300001100152650004600163650002900209650003000238 aRR 651.2603 BUR-; THE B aBurger, Erich 0aTechnical dictionary of data processing.Computers office machines aOxfordbPergamon Pressc1970 a1463p. aElectronic data processing - Dictionaries aComputers - Dictionaries aTechnology - Dictionaries